|
|
|
|
| LEADER |
02374nam a2200385 a 4500 |
| 001 |
mzk03000709996 |
| 003 |
CZ BrMZK |
| 005 |
20210217104431.0 |
| 007 |
ta |
| 008 |
040330s1608 xr fr|||||00| ||czeod |
| 040 |
|
|
|a BOA001
|b cze
|
| 072 |
|
7 |
|a 094
|x Staré tisky
|2 Konspekt
|9 12
|
| 080 |
|
|
|a (0.068)094
|2 MRF
|
| 100 |
1 |
|
|a Harant z Polžic a Bezdružic, Kryštof,
|d 1564-1621
|7 jk01040008
|4 aut
|
| 245 |
1 |
0 |
|a [Putowánj, aneb Cesta z Králowstwj Cžeského do Města Benátek: Odtud po Moři do země Swaté :
|b země Jůdské, a dále do Egypta a welikého Města Kairu: Potom na Horu Oreb, Synai ... : Léta 1598. sstiastně wykonaná, y také pěknými Figůrami ozdobená. Gest přitom y krátké wypsánj některých Národůw a obyčegůw gegich, též Zemj, Kragin, ostrowůw a Měst, y giných rozličných wěcý. Cum gratia & privilegio ....
|n D. 1-2 /
|c Od ... Krystoffa Haranta z Polžic a z Bezdružic ...]
|
| 260 |
|
|
|a Wytisstěno w Starém Městě Pražském :
|b v Dědice M. Danyele Adama z Weleslawjna,
|c 1608
|
| 300 |
|
|
|a [24], 405, 345, [43] s. ;
|c 4°
|
| 500 |
|
|
|a Výzdoba: Tisk not (bílá menzurální notace)
|
| 500 |
|
|
|a Výzdoba: Titulní strana tištěna červeně a černě, dřevořezy nad impresem a v textu, vlysy, iniciály, viněty
|
| 563 |
|
|
|a Polokožená vazba
|
| 590 |
|
|
|a (Díl 1) Chybí titulní list, z předmluvy zachován pouze list 11, chybí s. 39-42, 45/6, 279/280; (Díl 2) chybí s. 323/4, v rejstříku listy Zz6-Aaa8, Bbb2, 4, 5, 7, 8, utržena dolní polovina s. 311/2
|
| 510 |
4 |
|
|a Knihopis,
|c K02903
|u https://aleph.nkp.cz/F/?func=direct&doc_number=000005259&local_base=KPS
|
| 655 |
|
7 |
|a staré tisky
|7 fd422076
|2 czenas
|
| 700 |
1 |
|
|a Harant z Polžic a Bezdružic, Kryštof,
|d 1564-1621
|7 jk01040008
|4 cmp
|
| 700 |
1 |
|
|a Harant z Polžic a Bezdružic, Kryštof,
|d 1564-1621.
|t Qui confidunt in Domino
|7 aun2006377013
|
| 856 |
4 |
2 |
|u https://opacplus.bsb-muenchen.de/title/BV001659604
|y Digitalizovaný dokument
|z exemplář Bayerische Staatsbibliothek, sign., It.sing. 1459 u
|
| 903 |
|
|
|a RP
|
| 910 |
|
|
|a BOA001
|b ST2-0003.434,B
|
| 978 |
|
|
|b Adam z Veleslavína, Daniel - dědicové
|a Praha
|c 1608
|
| 984 |
|
|
|a Praha
|b Česko
|
| 985 |
|
|
|a 1601-1650
|
| 990 |
|
|
|a BK
|
| 993 |
|
|
|a Y
|
| 991 |
|
|
|k mzk
|
| 996 |
6 |
|
|b 2619758772
|c ST2-0003.434,B
|l stud. ST
|r Sklad / do násl. otevíracího dne
|n 3
|w 000709996
|u 000010
|a 1
|e BOA001
|s P
|